Statistics for 1997 College Football AP Poll

Click here to take the quiz!

General Stats

  • This quiz has been taken 25 times
  • The average score is 392 of 450

Answer Stats

WeekRankTeamWLConference% Correct
Week 6 (9/29)20Alabama31SEC
100%
Week 5 (9/22)21Alabama21SEC
100%
Week 3 (9/8)15Alabama10SEC
100%
Preseason15Alabama00SEC
100%
Week 1 (8/25)16Alabama00SEC
100%
Week 4 (9/15)11Alabama20SEC
100%
Week 2 (9/2)15Alabama10SEC
100%
Week 13 (11/17)1Michigan100Big Ten
100%
Week 14 (11/24)1Michigan110Big Ten
100%
Week 7 (10/6)6Michigan40Big Ten
100%
Week 10 (10/27)4Michigan70Big Ten
100%
Week 8 (10/13)5Michigan50Big Ten
100%
Week 6 (9/29)6Michigan30Big Ten
100%
Week 12 (11/10)1Michigan90Big Ten
100%
Week 1 (8/25)15Michigan00Big Ten
100%
Week 11 (11/3)4Michigan80Big Ten
100%
Week 9 (10/20)5Michigan60Big Ten
100%
Week 15 (12/1)1Michigan110Big Ten
100%
Preseason14Michigan00Big Ten
100%
Week 5 (9/22)6Michigan20Big Ten
100%
Week 16 (12/8)1Michigan110Big Ten
100%
Week 2 (9/2)14Michigan00Big Ten
100%
Postseason1Michigan120Big Ten
100%
Week 4 (9/15)8Michigan10Big Ten
100%
Week 3 (9/8)14Michigan00Big Ten
100%
Week 11 (11/3)1Nebraska80Big 12
100%
Week 2 (9/2)6Nebraska10Big 12
100%
Week 6 (9/29)3Nebraska30Big 12
100%
Week 7 (10/6)3Nebraska40Big 12
100%
Week 8 (10/13)2Nebraska50Big 12
100%
Week 5 (9/22)3Nebraska30Big 12
100%
Week 10 (10/27)1Nebraska70Big 12
100%
Week 4 (9/15)7Nebraska20Big 12
100%
Week 3 (9/8)6Nebraska10Big 12
100%
Week 9 (10/20)1Nebraska60Big 12
100%
Preseason6Nebraska00Big 12
100%
Week 16 (12/8)2Nebraska120Big 12
100%
Week 1 (8/25)6Nebraska00Big 12
100%
Week 12 (11/10)3Nebraska90Big 12
100%
Week 15 (12/1)2Nebraska110Big 12
100%
Week 13 (11/17)3Nebraska100Big 12
100%
Postseason2Nebraska130Big 12
100%
Week 14 (11/24)2Nebraska100Big 12
100%
Week 3 (9/8)9Ohio State10Big Ten
100%
Week 5 (9/22)7Ohio State30Big Ten
100%
Week 15 (12/1)9Ohio State102Big Ten
100%
Week 2 (9/2)9Ohio State10Big Ten
100%
Week 14 (11/24)9Ohio State102Big Ten
100%
Week 10 (10/27)9Ohio State71Big Ten
100%
Week 6 (9/29)7Ohio State40Big Ten
100%
Week 4 (9/15)9Ohio State20Big Ten
100%
Week 13 (11/17)4Ohio State101Big Ten
100%
Preseason9Ohio State00Big Ten
100%
Week 7 (10/6)7Ohio State50Big Ten
100%
Week 8 (10/13)11Ohio State51Big Ten
100%
Postseason12Ohio State103Big Ten
100%
Week 12 (11/10)4Ohio State91Big Ten
100%
Week 9 (10/20)9Ohio State61Big Ten
100%
Week 11 (11/3)7Ohio State81Big Ten
100%
Week 1 (8/25)9Ohio State00Big Ten
100%
Week 16 (12/8)9Ohio State102Big Ten
100%
Week 4 (9/15)1Penn State20Big Ten
100%
Week 16 (12/8)11Penn State92Big Ten
100%
Postseason16Penn State93Big Ten
100%
Week 5 (9/22)2Penn State30Big Ten
100%
Week 11 (11/3)2Penn State70Big Ten
100%
Week 15 (12/1)12Penn State92Big Ten
100%
Week 6 (9/29)2Penn State30Big Ten
100%
Week 7 (10/6)2Penn State40Big Ten
100%
Week 13 (11/17)6Penn State81Big Ten
100%
Week 8 (10/13)1Penn State50Big Ten
100%
Week 12 (11/10)6Penn State71Big Ten
100%
Week 9 (10/20)2Penn State60Big Ten
100%
Week 10 (10/27)2Penn State60Big Ten
100%
Week 14 (11/24)4Penn State91Big Ten
100%
Preseason1Penn State00Big Ten
100%
Week 1 (8/25)1Penn State00Big Ten
100%
Week 3 (9/8)1Penn State10Big Ten
100%
Week 2 (9/2)1Penn State00Big Ten
100%
Week 3 (9/8)11Texas10Big 12
100%
Week 2 (9/2)12Texas00Big 12
100%
Preseason12Texas00Big 12
100%
Week 1 (8/25)12Texas00Big 12
100%
Week 2 (9/2)23USC00Pacific-10
100%
Week 1 (8/25)23USC00Pacific-10
100%
Preseason22USC00Pacific-10
100%
Week 3 (9/8)23USC01Pacific-10
100%
Week 5 (9/22)8Auburn30SEC
94%
Week 2 (9/2)16Auburn00SEC
94%
Week 8 (10/13)6Auburn60SEC
94%
Week 9 (10/20)11Auburn61SEC
94%
Week 14 (11/24)13Auburn92SEC
94%
Week 13 (11/17)13Auburn82SEC
94%
Week 11 (11/3)17Auburn72SEC
94%
Week 4 (9/15)12Auburn20SEC
94%
Week 15 (12/1)11Auburn92SEC
94%
Preseason16Auburn00SEC
94%
Week 12 (11/10)16Auburn72SEC
94%
Week 7 (10/6)8Auburn50SEC
94%
Week 3 (9/8)16Auburn10SEC
94%
Week 1 (8/25)17Auburn00SEC
94%
Week 16 (12/8)13Auburn93SEC
94%
Week 10 (10/27)11Auburn71SEC
94%
Postseason11Auburn103SEC
94%
Week 6 (9/29)8Auburn40SEC
94%
Week 11 (11/3)13Florida62SEC
94%
Week 10 (10/27)6Florida61SEC
94%
Week 1 (8/25)2Florida00SEC
94%
Week 9 (10/20)6Florida61SEC
94%
Week 12 (11/10)12Florida72SEC
94%
Week 5 (9/22)1Florida30ACC
94%
Week 3 (9/8)2Florida20SEC
94%
Week 14 (11/24)7Florida92SEC
94%
Week 13 (11/17)10Florida82SEC
94%
Preseason2Florida00SEC
94%
Week 8 (10/13)7Florida51SEC
94%
Week 4 (9/15)3Florida20SEC
94%
Week 15 (12/1)6Florida92SEC
94%
Week 16 (12/8)6Florida92SEC
94%
Week 2 (9/2)2Florida10SEC
94%
Postseason4Florida102SEC
94%
Week 7 (10/6)1Florida50SEC
94%
Week 6 (9/29)1Florida40SEC
94%
Week 9 (10/20)3Florida State60ACC
94%
Week 8 (10/13)3Florida State50ACC
94%
Week 7 (10/6)4Florida State40ACC
94%
Week 5 (9/22)4Florida State30ACC
94%
Week 2 (9/2)5Florida State00ACC
94%
Week 10 (10/27)3Florida State70ACC
94%
Week 16 (12/8)4Florida State101ACC
94%
Preseason3Florida State00ACC
94%
Week 3 (9/8)5Florida State10ACC
94%
Week 12 (11/10)2Florida State90ACC
94%
Week 1 (8/25)3Florida State00ACC
94%
Week 6 (9/29)4Florida State30ACC
94%
Week 13 (11/17)2Florida State100ACC
94%
Week 4 (9/15)5Florida State20ACC
94%
Week 14 (11/24)5Florida State101ACC
94%
Week 11 (11/3)3Florida State80ACC
94%
Week 15 (12/1)4Florida State101ACC
94%
Postseason3Florida State111ACC
94%
Week 6 (9/29)18Georgia30SEC
94%
Postseason10Georgia102SEC
94%
Week 16 (12/8)12Georgia92SEC
94%
Week 14 (11/24)14Georgia82SEC
94%
Week 15 (12/1)13Georgia92SEC
94%
Week 7 (10/6)13Georgia40SEC
94%
Week 8 (10/13)19Georgia41SEC
94%
Week 13 (11/17)14Georgia72SEC
94%
Week 11 (11/3)9Georgia71SEC
94%
Week 9 (10/20)16Georgia51SEC
94%
Week 12 (11/10)7Georgia71SEC
94%
Week 10 (10/27)14Georgia61SEC
94%
Week 5 (9/22)19Georgia30SEC
94%
Week 4 (9/15)25Georgia20SEC
94%
Week 2 (9/2)21Kansas State00Big 12
94%
Week 5 (9/22)18Kansas State20Big 12
94%
Week 7 (10/6)22Kansas State31Big 12
94%
Week 15 (12/1)10Kansas State101Big 12
94%
Week 3 (9/8)20Kansas State10Big 12
94%
Week 1 (8/25)22Kansas State00Big 12
94%
Postseason8Kansas State111Big 12
94%
Week 10 (10/27)13Kansas State61Big 12
94%
Week 14 (11/24)11Kansas State101Big 12
94%
Week 13 (11/17)9Kansas State91Big 12
94%
Preseason23Kansas State00Big 12
94%
Week 9 (10/20)14Kansas State51Big 12
94%
Week 12 (11/10)10Kansas State81Big 12
94%
Week 11 (11/3)11Kansas State71Big 12
94%
Week 4 (9/15)20Kansas State20Big 12
94%
Week 8 (10/13)20Kansas State41Big 12
94%
Week 16 (12/8)10Kansas State101Big 12
94%
Week 6 (9/29)17Kansas State30Big 12
94%
Week 8 (10/13)12Michigan State50Big Ten
94%
Week 7 (10/6)11Michigan State40Big Ten
94%
Week 9 (10/20)15Michigan State51Big Ten
94%
Week 4 (9/15)17Michigan State20Big Ten
94%
Week 10 (10/27)21Michigan State52Big Ten
94%
Week 5 (9/22)12Michigan State30Big Ten
94%
Week 6 (9/29)12Michigan State30Big Ten
94%
Week 16 (12/8)25Michigan State74Big Ten
94%
Week 1 (8/25)25Michigan State00Big Ten
94%
Week 2 (9/2)25Michigan State00Big Ten
94%
Week 15 (12/1)25Michigan State74Big Ten
94%
Week 3 (9/8)21Michigan State10Big Ten
94%
Preseason25Michigan State00Big Ten
94%
Week 1 (8/25)11Notre Dame00Independent
94%
Week 2 (9/2)11Notre Dame00Independent
94%
Preseason11Notre Dame00Independent
94%
Week 3 (9/8)12Notre Dame10Independent
94%
Week 10 (10/27)8Tennessee51SEC
94%
Preseason5Tennessee00SEC
94%
Week 8 (10/13)9Tennessee41SEC
94%
Week 9 (10/20)8Tennessee51SEC
94%
Week 6 (9/29)9Tennessee21SEC
94%
Week 12 (11/10)5Tennessee71SEC
94%
Week 14 (11/24)3Tennessee91SEC
94%
Postseason7Tennessee112SEC
94%
Week 1 (8/25)5Tennessee00SEC
94%
Week 16 (12/8)3Tennessee111SEC
94%
Week 4 (9/15)4Tennessee20SEC
94%
Week 3 (9/8)4Tennessee20SEC
94%
Week 11 (11/3)8Tennessee61SEC
94%
Week 7 (10/6)9Tennessee31SEC
94%
Week 5 (9/22)9Tennessee21SEC
94%
Week 13 (11/17)5Tennessee81SEC
94%
Week 15 (12/1)3Tennessee101SEC
94%
Week 2 (9/2)3Tennessee10SEC
94%
Week 13 (11/17)7UCLA82Pacific-10
94%
Week 8 (10/13)17UCLA42Pacific-10
94%
Week 15 (12/1)5UCLA92Pacific-10
94%
Week 9 (10/20)13UCLA52Pacific-10
94%
Postseason5UCLA102Pacific-10
94%
Week 6 (9/29)22UCLA22Pacific-10
94%
Week 7 (10/6)18UCLA32Pacific-10
94%
Week 4 (9/15)24UCLA12Pacific-10
94%
Week 10 (10/27)12UCLA62Pacific-10
94%
Week 11 (11/3)10UCLA72Pacific-10
94%
Week 14 (11/24)6UCLA92Pacific-10
94%
Week 12 (11/10)9UCLA72Pacific-10
94%
Week 5 (9/22)24UCLA12Pacific-10
94%
Week 16 (12/8)5UCLA92Pacific-10
94%
Week 14 (11/24)21Washington74Pacific-10
94%
Week 11 (11/3)6Washington71Pacific-10
94%
Week 12 (11/10)13Washington72Pacific-10
94%
Week 6 (9/29)10Washington21Pacific-10
94%
Week 10 (10/27)7Washington61Pacific-10
94%
Week 15 (12/1)21Washington74Pacific-10
94%
Week 3 (9/8)3Washington10Pacific-10
94%
Week 16 (12/8)21Washington74Pacific-10
94%
Week 1 (8/25)4Washington00Pacific-10
94%
Postseason18Washington84Pacific-10
94%
Week 9 (10/20)7Washington51Pacific-10
94%
Week 8 (10/13)10Washington41Pacific-10
94%
Week 4 (9/15)2Washington20Pacific-10
94%
Week 7 (10/6)10Washington31Pacific-10
94%
Week 2 (9/2)4Washington00Pacific-10
94%
Preseason4Washington00Pacific-10
94%
Week 13 (11/17)17Washington73Pacific-10
94%
Week 5 (9/22)10Washington21Pacific-10
94%
Week 12 (11/10)23Wisconsin82Big Ten
94%
Week 13 (11/17)24Wisconsin83Big Ten
94%
Week 8 (10/13)24Wisconsin61Big Ten
94%
Preseason24Wisconsin00Big Ten
94%
Postseason14Arizona State83Pacific-10
88%
Week 10 (10/27)20Arizona State52Pacific-10
88%
Week 5 (9/22)25Arizona State21Pacific-10
88%
Week 16 (12/8)16Arizona State83Pacific-10
88%
Week 14 (11/24)12Arizona State82Pacific-10
88%
Week 11 (11/3)15Arizona State62Pacific-10
88%
Week 4 (9/15)14Arizona State20Pacific-10
88%
Week 12 (11/10)15Arizona State72Pacific-10
88%
Week 9 (10/20)23Arizona State52Pacific-10
88%
Week 6 (9/29)25Arizona State31Pacific-10
88%
Week 15 (12/1)17Arizona State83Pacific-10
88%
Week 3 (9/8)24Arizona State10Pacific-10
88%
Week 13 (11/17)12Arizona State82Pacific-10
88%
Week 3 (9/8)19Clemson10ACC
88%
Week 4 (9/15)16Clemson20ACC
88%
Preseason20Clemson00ACC
88%
Week 1 (8/25)20Clemson00ACC
88%
Week 2 (9/2)18Clemson00ACC
88%
Week 5 (9/22)17Clemson21ACC
88%
Week 5 (9/22)11Iowa30Big Ten
88%
Preseason21Iowa00Big Ten
88%
Week 11 (11/3)12Iowa62Big Ten
88%
Week 7 (10/6)17Iowa41Big Ten
88%
Week 6 (9/29)11Iowa40Big Ten
88%
Week 10 (10/27)15Iowa52Big Ten
88%
Week 3 (9/8)18Iowa10Big Ten
88%
Week 4 (9/15)13Iowa20Big Ten
88%
Week 9 (10/20)18Iowa42Big Ten
88%
Week 1 (8/25)21Iowa00Big Ten
88%
Week 2 (9/2)20Iowa00Big Ten
88%
Week 8 (10/13)15Iowa41Big Ten
88%
Week 12 (11/10)22Iowa63Big Ten
88%
Week 9 (10/20)20Texas A&M51Big 12
88%
Week 5 (9/22)22Texas A&M20Big 12
88%
Week 12 (11/10)18Texas A&M72Big 12
88%
Week 6 (9/29)21Texas A&M30Big 12
88%
Week 7 (10/6)15Texas A&M40Big 12
88%
Week 11 (11/3)21Texas A&M62Big 12
88%
Week 8 (10/13)14Texas A&M50Big 12
88%
Week 15 (12/1)14Texas A&M92Big 12
88%
Week 10 (10/27)25Texas A&M52Big 12
88%
Week 14 (11/24)15Texas A&M82Big 12
88%
Week 13 (11/17)16Texas A&M82Big 12
88%
Postseason20Texas A&M94Big 12
88%
Week 16 (12/8)20Texas A&M93Big 12
88%
Postseason25Georgia Tech75ACC
82%
Week 8 (10/13)21Georgia Tech41ACC
82%
Week 7 (10/6)25Georgia Tech31ACC
82%
Week 16 (12/8)15LSU83SEC
82%
Week 9 (10/20)17LSU52SEC
82%
Week 3 (9/8)10LSU10SEC
82%
Week 2 (9/2)10LSU00SEC
82%
Week 11 (11/3)14LSU62SEC
82%
Week 12 (11/10)11LSU72SEC
82%
Week 10 (10/27)16LSU52SEC
82%
Week 4 (9/15)10LSU20SEC
82%
Week 6 (9/29)13LSU31SEC
82%
Week 7 (10/6)14LSU41SEC
82%
Postseason13LSU93SEC
82%
Week 1 (8/25)10LSU00SEC
82%
Week 15 (12/1)16LSU83SEC
82%
Preseason10LSU00SEC
82%
Week 5 (9/22)13LSU21SEC
82%
Week 14 (11/24)17LSU73SEC
82%
Week 8 (10/13)8LSU51SEC
82%
Week 13 (11/17)20LSU73SEC
82%
Week 2 (9/2)13Miami10Big East
82%
Preseason13Miami00Big East
82%
Week 1 (8/25)14Miami00Big East
82%
Week 3 (9/8)13Miami10Big East
82%
Week 4 (9/15)22Miami11Big East
82%
Week 13 (11/17)21Missouri74Big 12
82%
Postseason23Missouri75Big 12
82%
Week 14 (11/24)19Missouri74Big 12
82%
Week 15 (12/1)19Missouri74Big 12
82%
Week 16 (12/8)19Missouri74Big 12
82%
Week 12 (11/10)25Missouri64Big 12
82%
Week 9 (10/20)4North Carolina70ACC
82%
Postseason6North Carolina111ACC
82%
Week 13 (11/17)8North Carolina91ACC
82%
Week 8 (10/13)4North Carolina60ACC
82%
Week 3 (9/8)7North Carolina10ACC
82%
Week 2 (9/2)7North Carolina00ACC
82%
Week 1 (8/25)7North Carolina00ACC
82%
Preseason7North Carolina00ACC
82%
Week 5 (9/22)5North Carolina30ACC
82%
Week 4 (9/15)6North Carolina20ACC
82%
Week 10 (10/27)5North Carolina70ACC
82%
Week 16 (12/8)7North Carolina101ACC
82%
Week 12 (11/10)8North Carolina81ACC
82%
Week 15 (12/1)7North Carolina101ACC
82%
Week 6 (9/29)5North Carolina40ACC
82%
Week 7 (10/6)5North Carolina50ACC
82%
Week 11 (11/3)5North Carolina80ACC
82%
Week 14 (11/24)8North Carolina101ACC
82%
Week 1 (8/25)24Northwestern10Big Ten
82%
Week 2 (9/2)21Northwestern00Big Ten
82%
Postseason24Oklahoma State84Big 12
82%
Week 7 (10/6)20Oklahoma State50Big 12
82%
Week 9 (10/20)12Oklahoma State60Big 12
82%
Week 8 (10/13)16Oklahoma State60Big 12
82%
Week 12 (11/10)24Oklahoma State72Big 12
82%
Week 15 (12/1)24Oklahoma State83Big 12
82%
Week 16 (12/8)24Oklahoma State83Big 12
82%
Week 14 (11/24)25Oklahoma State83Big 12
82%
Week 10 (10/27)19Oklahoma State61Big 12
82%
Week 11 (11/3)25Oklahoma State62Big 12
82%
Week 8 (10/13)25Stanford42Pacific-10
82%
Week 1 (8/25)18Stanford00Pacific-10
82%
Week 6 (9/29)19Stanford31Pacific-10
82%
Week 2 (9/2)17Stanford00Pacific-10
82%
Week 7 (10/6)16Stanford41Pacific-10
82%
Week 5 (9/22)20Stanford21Pacific-10
82%
Week 3 (9/8)17Stanford10Pacific-10
82%
Week 4 (9/15)21Stanford11Pacific-10
82%
Preseason18Stanford00Pacific-10
82%
Week 8 (10/13)23West Virginia51Big East
82%
Week 9 (10/20)21West Virginia51Big East
82%
Week 13 (11/17)22West Virginia74Big East
82%
Week 10 (10/27)17West Virginia61Big East
82%
Week 6 (9/29)24BYU21WAC
76%
Week 5 (9/22)23BYU11WAC
76%
Preseason19BYU00WAC
76%
Week 7 (10/6)21BYU31WAC
76%
Week 2 (9/2)19BYU00WAC
76%
Week 1 (8/25)19BYU00WAC
76%
Week 3 (9/8)8Colorado10Big 12
76%
Preseason8Colorado00Big 12
76%
Week 2 (9/2)8Colorado00Big 12
76%
Week 1 (8/25)8Colorado00Big 12
76%
Week 4 (9/15)15Colorado11Big 12
76%
Week 6 (9/29)16Colorado21Big 12
76%
Week 7 (10/6)24Colorado22Big 12
76%
Week 5 (9/22)16Colorado11Big 12
76%
Week 12 (11/10)21Syracuse73Big East
76%
Week 16 (12/8)14Syracuse93Big East
76%
Week 15 (12/1)15Syracuse93Big East
76%
Week 13 (11/17)18Syracuse83Big East
76%
Week 1 (8/25)13Syracuse10Big East
76%
Week 11 (11/3)22Syracuse63Big East
76%
Week 14 (11/24)16Syracuse83Big East
76%
Postseason21Syracuse94Big East
76%
Preseason17Syracuse00Big East
76%
Week 8 (10/13)22Virginia Tech51Big East
76%
Week 9 (10/20)19Virginia Tech51Big East
76%
Week 7 (10/6)23Virginia Tech41Big East
76%
Week 10 (10/27)23Virginia Tech52Big East
76%
Week 6 (9/29)14Virginia Tech40Big East
76%
Week 11 (11/3)20Virginia Tech62Big East
76%
Week 5 (9/22)14Virginia Tech30Big East
76%
Week 4 (9/15)18Virginia Tech20Big East
76%
Week 12 (11/10)19Virginia Tech72Big East
76%
Week 13 (11/17)19Virginia Tech72Big East
76%
Week 3 (9/8)22Virginia Tech10Big East
76%
Week 9 (10/20)10Washington State60Pacific-10
76%
Week 16 (12/8)8Washington State101Pacific-10
76%
Week 13 (11/17)11Washington State91Pacific-10
76%
Week 8 (10/13)13Washington State50Pacific-10
76%
Week 7 (10/6)12Washington State50Pacific-10
76%
Week 11 (11/3)16Washington State71Pacific-10
76%
Week 4 (9/15)19Washington State20Pacific-10
76%
Week 15 (12/1)8Washington State101Pacific-10
76%
Week 5 (9/22)15Washington State30Pacific-10
76%
Week 10 (10/27)10Washington State70Pacific-10
76%
Postseason9Washington State102Pacific-10
76%
Week 14 (11/24)10Washington State101Pacific-10
76%
Week 6 (9/29)15Washington State40Pacific-10
76%
Week 12 (11/10)14Washington State81Pacific-10
76%
Week 9 (10/20)22Purdue51Big Ten
71%
Week 13 (11/17)23Purdue73Big Ten
71%
Week 10 (10/27)18Purdue61Big Ten
71%
Week 12 (11/10)19Purdue72Big Ten
71%
Week 16 (12/8)17Purdue83Big Ten
71%
Week 14 (11/24)18Purdue83Big Ten
71%
Week 15 (12/1)18Purdue83Big Ten
71%
Week 11 (11/3)23Purdue62Big Ten
71%
Postseason15Purdue93Big Ten
71%
Week 13 (11/17)15Mississippi State72SEC
65%
Week 11 (11/3)19Mississippi State62SEC
65%
Week 12 (11/10)17Mississippi State62SEC
65%
Week 14 (11/24)22Mississippi State73SEC
65%
Week 9 (10/20)25Ole Miss42SEC
65%
Postseason22Ole Miss84SEC
65%
Week 7 (10/6)19Air Force60WAC
47%
Week 6 (9/29)23Air Force50WAC
47%
Week 16 (12/8)23Air Force102WAC
47%
Week 8 (10/13)18Air Force70WAC
47%
Week 15 (12/1)23Air Force102WAC
47%
Week 14 (11/24)24Air Force102WAC
47%
Postseason17Colorado State112WAC
47%
Week 2 (9/2)24Colorado State10WAC
47%
Week 4 (9/15)23Colorado State21WAC
47%
Week 3 (9/8)25Colorado State11WAC
47%
Week 16 (12/8)18Colorado State102WAC
47%
Week 15 (12/1)20Colorado State92WAC
47%
Week 13 (11/17)25Colorado State82WAC
47%
Week 14 (11/24)20Colorado State92WAC
47%
Week 11 (11/3)24Southern Miss62C-USA
24%
Week 15 (12/1)22Southern Miss83C-USA
24%
Postseason19Southern Miss93C-USA
24%
Week 16 (12/8)22Southern Miss83C-USA
24%
Week 10 (10/27)24Southern Miss52C-USA
24%
Week 14 (11/24)23Southern Miss83C-USA
24%
Week 11 (11/3)18Toledo80MAC
24%
Week 10 (10/27)22Toledo70MAC
24%
Week 9 (10/20)24Toledo60MAC
24%

Score Distribution

Percentile by Number Answered

Percent of People with Each Score

Your Score History

You have not taken this quiz